Worship His majesty. (Record no. 15994)

000 -LEADER
fixed length control field 00533nam a2200181 a 4500
001 - CONTROL NUMBER
control field :::00018593$&:&@@
003 - CONTROL NUMBER IDENTIFIER
control field OkBaRHE
005 - DATE AND TIME OF LATEST TRANSACTION
control field 20001113112344.0
008 - FIXED-LENGTH DATA ELEMENTS--GENERAL INFORMATION
fixed length control field s1987 j 000 0 eng u
040 ## - CATALOGING SOURCE
Transcribing agency
100 1# - MAIN ENTRY--PERSONAL NAME
Personal name Hayford, Jack W.
245 10 - TITLE STATEMENT
Title Worship His majesty.
260 ## - PUBLICATION, DISTRIBUTION, ETC. (IMPRINT)
Place of publication, distribution, etc Waco, Texas
Name of publisher, distributor, etc Word Books
Date of publication, distribution, etc 1987
300 ## - PHYSICAL DESCRIPTION
Extent 238 p.
650 ## - SUBJECT ADDED ENTRY--TOPICAL TERM
Topical term or geographic name as entry element God
General subdivision Worship and love
-- biblical teaching.
942 ## - ADDED ENTRY ELEMENTS (KOHA)
Source of classification or shelving scheme
Koha item type Books
Copies
Price effective from Not for loan Date acquired Damaged status Lost status Date last seen Koha item type Barcode Full call number Permanent Location Withdrawn status Source of classification or shelving scheme Copy number Shelving location
2010-04-14 2010-04-14  2018-02-16Books18593BS 544 .H39RHEMA Bible Training College  1General Stacks